Paris 2024 Olympics Athletics/Track and Field part 1: Men's 100m - Statistics

General Stats
  • This quiz has been taken 44 times
    24 since last reset
  • The average score is 47 of 153
Answer Stats
Event Result Athlete Nationality % Correct
Men's 100m Final 9,79 (PB) Noah Lyles Usa
94%
Men's 100m Semi-Final 9,83 Noah Lyles Usa
94%
Men's 100m Round 1 10,04 Noah Lyles Usa
94%
Men's 100m Final 9,81 (SB) Fred Kerley Usa
88%
Men's 100m Semi-Final 9,84 (SB) Fred Kerley Usa
88%
Men's 100m Round 1 9,97 Fred Kerley Usa
88%
Men's 100m Final 9,79 Kishame Thompson Jamaica
88%
Men's 100m Semi-Final 9,80 Kishane Thompson Jamaica
88%
Men's 100m Round 1 10,00 Kishane Thompson Jamaica
88%
Men's 100m Final 9,85 (SB) Lamont Marcell Jacobs Italy
88%
Men's 100m Semi-Final 9,92 (=SB) Lamont Marcell Jacobs Italy
88%
Men's 100m Round 1 10,05 Lamont Marcell Jacobs Italy
88%
Men's 100m Final 9,86 (NR) Letsile Tebogo Botswana
88%
Men's 100m Semi-Final 9,91 Letsile Tebogo Botswana
88%
Men's 100m Round 1 10,01 Letsile Tebogo Botswana
88%
Men's 100m Final 9,88 Kenneth Bednarek Usa
82%
Men's 100m Semi-Final 9,93 Kenneth Bednarek Usa
82%
Men's 100m Round 1 9,97 Kenneth Bednarek Usa
82%
Men's 100m Final 9,91 Oblique Seville Jamaica
82%
Men's 100m Semi-Final 9,81 (PB) Oblique Seville Jamaica
82%
Men's 100m Round 1 9,99 Oblique Seville Jamaica
82%
Men's 100m Semi-Final 9,87 Akani Simbine South Africa
71%
Men's 100m Round 1 10,03 Akani Simbine South Africa
71%
Men's 100m Final 9,82 (NR) Akini Simbine South Africa
71%
Men's 100m Semi-Final 9,98 Andre de Grasse Canada
65%
Men's 100m Round 1 10,07 Andre De Grasse Canada
65%
Men's 100m Semi-Final 10,08 Ferdinand Omanyala Kenya
65%
Men's 100m Round 1 10,08 Ferdinand Omanyala Kenya
65%
Men's 100m Semi-Final 10,01 Zharnel Hughes Uk
59%
Men's 100m Round 1 10,03 Zharnel Hughes Uk
59%
Men's 100m Round 1 10,02 Abdul Hakim Sani Brown Japan
53%
Men's 100m Semi-Final 9,96 Abdul Hakim Sani Brown Japan
47%
Men's 100m Round 1 DQ Jeremiah Azu Uk
47%
Men's 100m Round 1 DQ Aaron Brown Canada
41%
Men's 100m Semi-Final 10,06 Ackeem Blake Jamaica
41%
Men's 100m Round 1 10,06 Ackeem Blake Jamaica
41%
Men's 100m Semi-Final 10,14 Chituru Ali Italy
35%
Men's 100m Round 1 10,12 Chituru Ali Italy
35%
Men's 100m Semi-Final 10,00 Emmanuel Eseme Cameroon
35%
Men's 100m Round 1 9,98 (SB) Emmanuel Eseme Cameroon
35%
Men's 100m Semi-Final 9,95 Benjamin Richardson South Africa
29%
Men's 100m Round 1 10,06 Benjamin Richardson South Africa
29%
Men's 100m Preliminary Round 10,85 (SB) Joseph Green Guam
29%
Men's 100m Semi-Final 9,97 Louie Hinchliffe Uk
29%
Men's 100m Round 1 9.98 Louie Hinchliffe Uk
29%
Men's 100m Round 1 10,59 Markus Fuchs Austria
29%
Men's 100m Semi-Final 10,02 (SB) Shaun Maswanganyi South Africa
29%
Men's 100m Round 1 10,06 Shaun Maswanganyi South Africa
29%
Men's 100m Round 1 10,39 Simon Hansen Denmark
29%
Men's 100m Round 1 10,31 Arthur Cisse Ivory Coast
24%
Men's 100m Semi-Final 10,17 Benjamin Azamati Ghana
24%
Men's 100m Round 1 10,08 Benjamin Azamati Ghana
24%
Men's 100m Round 1 10,17 Cejhae Greene Antigua and Barbuda
24%
Men's 100m Preliminary Round 11,85 Darko Pesic Montenegro
24%
Men's 100m Round 1 10,40 Emanuel Archibald Guyana
24%
Men's 100m Round 1 10,35 Erik Cardoso Brazil
24%
Men's 100m Semi-Final 10,08 Favour Oghene Tejiri Ashe Nigeria
24%
Men's 100m Round 1 10,16 Favour Oghene Tejiri Ashe Nigeria
24%
Men's 100m Round 1 10,18 Felipe Bardi Brazil
24%
Men's 100m Round 1 10,18 (SB) Hassan Taftian Iran
24%
Men's 100m Round 1 10,24 Henrik Larsson Sweden
24%
Men's 100m Preliminary Round 10,55 (PB) Ibadulla Adam Maldives
24%
Men's 100m Round 1 10,40 Marcos Santos Angola
24%
Men's 100m Preliminary Round 10,31 (NR) Marcos Santos Angola
24%
Men's 100m Semi-Final 10,14 Puripol Boonson Thailand
24%
Men's 100m Round 1 10,13 Puripol Boonson Thailand
24%
Men's 100m Semi-Final 10.15 Rikkoi Brathwaite Virgin islands
24%
Men's 100m Round 1 10,13 Rikkoi Brathwaite Virgin Islands
24%
Men's 100m Round 1 10,29 (=SB) Rohan Browning Australia
24%
Men's 100m Semi-Final 10,05 Abdul-Rasheed Saminu Ghana
18%
Men's 100m Round 1 10,06 Abdul-Rasheed Saminu Ghana
18%
Men's 100m Round 1 10,35 Arturo Harmodio Deliser Espinosa Panama
18%
Men's 100m Preliminary Round 10,34 Arturo Harmodio Deliser Espinosa Panama
18%
Men's 100m Round 1 10,21 Ebrahima Camara Gambia
18%
Men's 100m Preliminary Round 10,29 Ebrahima Camara Gambia
18%
Men's 100m Semi-Final 10,18 Emmanuel Matadi Liberia
18%
Men's 100m Round 1 10,08 Emmanuel Matadi Liberia
18%
Men's 100m Round 1 10,66 Franko Burraj Albania
18%
Men's 100m Preliminary Round 10,60 (PB) Franko Burraj Albania
18%
Men's 100m Round 1 10,38 Jhonny Renteria Jimenez Colombia
18%
Men's 100m Semi-Final 10,16 Joshua Hartmann Germany
18%
Men's 100m Round 1 10,16 Joshua Hartmann Germany
18%
Men's 100m Round 1 10,26 Lalu Muhammad Zohri Indonesia
18%
Men's 100m Preliminary Round 10,35 Lalu Muhammad Zohri Indonesia
18%
Men's 100m Round 1 DNS Marc Brian Louis Singapore
18%
Men's 100m Preliminary Round 10,43 Marc Brian Louis Singapore
18%
Men's 100m Preliminary Round 10,76 Melique garcia Honduras
18%
Men's 100m Round 1 10,38 Naquille Harris Saint Kitts and Nevis
18%
Men's 100m Preliminary Round 10,33 Naquille Harris Saint Kitts and Nevis
18%
Men's 100m Round 1 11,53 Oliwer Wdowik Poland
18%
Men's 100m Round 1 10,22 Owen Ansah Germany
18%
Men's 100m Semi-Final 10,21 Reynaldo R. Espinosa Cuba
18%
Men's 100m Round 1 10,11 Reynaldo R. Espinosa Cuba
18%
Men's 100m Round 1 10,17 Ryuichiro Sakai Japan
18%
Men's 100m Preliminary Round 10,76 Seco Camara Guinea-Bissau
18%
Men's 100m Preliminary Round 11,17 Shaun Gill Belize
18%
Men's 100m Round 1 10,31 Terrence Jones Bahamas
18%
Men's 100m Round 1 10,16 Zhenye Xie China
18%
Men's 100m Preliminary Round 11,89 Ahmed Essabai Libya
12%
Men's 100m Round 1 10,19 Akihiro Higashida Japan
12%
Men's 100m Round 1 10,26 Ali Anwar Ali Al Balushi Oman
12%
Men's 100m Round 1 10,46 Azeem Fahmi Muhd Malaysia
12%
Men's 100m Preliminary Round 10,69 Beppe Grillo Malta
12%
Men's 100m Round 1 10,28 Christopher Borzor Haiti
12%
Men's 100m Preliminary Round 10,26 Christopher Borzor Haiti
12%
Men's 100m Round 1 10,24 Davonte Howell Cayman Islands
12%
Men's 100m Preliminary Round 10,31 Davonte Howell Cayman Islands
12%
Men's 100m Round 1 10,31 Devin Augustine Trinidad and Tobago
12%
Men's 100m Preliminary Round 10,76 Didier Kiki Benin
12%
Men's 100m Round 1 DQ Dominique Lasconi Mulamba Democratic Republic of the Congo
12%
Men's 100m Preliminary Round DQ Dominique Lasconi Mulamba Democratic Republic Congo
12%
Men's 100m Round 1 10,58 Dorian Keletela Refugee Olympic Team
12%
Men's 100m Round 1 10,17 Duan Asemota Canada
12%
Men's 100m Round 1 10,62 Dylan Sicobo Seychelles
12%
Men's 100m Preliminary Round 10,51 Dylan Sicobo Seychelles
12%
Men's 100m Preliminary Round 10,60 Favoris Muzrapov Tajikistan
12%
Men's 100m Preliminary Round 10,62 Felix Chun Hei Diu Hong Kong
12%
Men's 100m Preliminary Round 10,66 Fode Sissoko Mali
12%
Men's 100m Round 1 10,19 Gary Noa Jerrel Bibi Mauritius
12%
Men's 100m Preliminary Round 10,27 Gary Noa Jerrel Bibi Mauritius
12%
Men's 100m Round 1 10,52 Hachim Maaroufou Comoros
12%
Men's 100m Preliminary Round 10,44 Hachim Maaroufou Comoros
12%
Men's 100m Preliminary Round 10,76 Herve Toumandji Central African Republic (CAR)
12%
Men's 100m Preliminary Round 10,73 (SB) Imranur Rahman Bangladesh
12%
Men's 100m Preliminary Round 10,64 (PB) Jalen Lisse Suriname
12%
Men's 100m Round 1 10,40 Jose Gonzalez Dominican Republic
12%
Men's 100m Round 1 10,20 Joshua Azzopardi Australia
12%
Men's 100m Preliminary Round 11,30 (NR) Karalo Hepoiteloto Maibuca Tuvalu
12%
Men's 100m Round 1 10,34 Kayhan Ozer Turkey
12%
Men's 100m Semi-Final 10,13 Kayinsola Ajayi Nigeria
12%
Men's 100m Round 1 10,02 Kayinsola Ajayi Nigeria
12%
Men's 100m Preliminary Round 11,29 (PB) Kenaz Kaniwete Kiribati
12%
Men's 100m Preliminary Round 12,11 (PB) Maleselo Fukofuka Tonga
12%
Men's 100m Preliminary Round 11,35 (NR) Manuel Ataide East Timor
12%
Men's 100m Preliminary Round 10,42 Muhd Azeem Fahmi Malaysia
12%
Men's 100m Preliminary Round 10,86 (SB) Muhd Noor Firdaus Ar-Rasyid Brunei
12%
Men's 100m Preliminary Round 11,65 (SB) Remigio Santander Villarubia Equatorial Guinea
12%
Men's 100m Preliminary Round 10,82 (PB) Rija Vatomanga Gardiner Madagascar
12%
Men's 100m Round 1 10,29 (=SB) Ronal Longa Colombia
12%
Men's 100m Preliminary Round 11,54 (PB) Samer Al-Yafaee Yemen
12%
Men's 100m Preliminary Round 11,61 (SB) Scott James Fiti Micronesia
12%
Men's 100m Preliminary Round 10,64 (NR) Sha Mahmood Noor Zahi Afghanistan
12%
Men's 100m Round 1 10,39 Sibusiso Matsenjwa Eswatini
12%
Men's 100m Preliminary Round 10,39 Sibusiso Matsenjwa Eswatini
12%
Men's 100m Preliminary Round DQ Steven Sabino Mozambique
12%
Men's 100m Round 1 10,50 (PB) Taha Hussein Yaseen Iraq
12%
Men's 100m Preliminary Round 10,51 (PB) Taha Hussein Yaseen Iraq
12%
Men's 100m Preliminary Round 10,73 (SB) Waisake Tewa Fiji
12%
Men's 100m Round 1 10,24 Wanya McCOy Bahamas
12%
Men's 100m Preliminary Round 11,29 (PB) William Reed Marshall Islands
12%
Men's 100m Preliminary Round 11,15 Winzar Kakiouea Nauru
12%
Men's 100m Round 1 10,46 Paulo Andre Camilo Brazil
6%
Men's 100m Preliminary Round 10,59 Wissy Frank Hoye Yenda Moukoula Gabon
6%
No matching quizzes found
Score Distribution
Percent of People with Each Score
Percentile by Number Answered
Your Score History
You have not taken this quiz since the last reset